[Event "World Blitz Women 2021"]
[Site "Warsaw POL"]
[Date "2021.12.29"]
[Round "5.46"]
[White "Yakimova, Mariya"]
[Black "Da Silva, Cibele Florencio"]
[Result "1-0"]
[WhiteTitle "WFM"]
[WhiteElo "2198"]
[BlackElo "1405"]
[WhiteFideId "34188859"]
[BlackFideId "2116901"]
[EventDate "2021.12.29"]

1. d4 d5 2. c4 Nf6 3. Nf3 Nc6 4. cxd5 Nxd5 5. g3 Bf5 6. a3 e6 7. Bg2 Be4 8. O-O
h5 9. Nbd2 Bf5 10. e4 Bxe4 11. Nxe4 f5 12. Neg5 Qf6 13. Re1 Nd8 14. Nxe6 Nxe6
15. Ng5 Kd7 16. Nxe6 c6 17. Bxd5 cxd5 18. Qa4+ 1-0

[Event "World Blitz Women 2021"]
[Site "Warsaw POL"]
[Date "2021.12.29"]
[Round "5.47"]
[White "Wikar, Martyna"]
[Black "Nur-Mukhametova, Alisa"]
[Result "1-0"]
[WhiteTitle "WFM"]
[WhiteElo "2168"]
[BlackElo "2225"]
[WhiteFideId "21807663"]
[BlackFideId "54117739"]
[EventDate "2021.12.29"]

1. e4 c5 2. Nf3 e6 3. d3 d5 4. Nbd2 Nf6 5. g3 Nc6 6. Bg2 g6 7. O-O Bg7 8. Re1
O-O 9. c3 Qc7 10. e5 Ng4 11. d4 cxd4 12. cxd4 f6 13. h3 Nxf2 14. Kxf2 fxe5 15.
dxe5 Qb6+ 16. Kf1 Nxe5 17. Qb3 Qg1+ 18. Kxg1 Nd3 19. Rf1 Bd7 20. Kh2 Rac8 21.
Qd1 Nc5 22. Nb3 Ne4 23. Be3 1-0

[Event "World Blitz Women 2021"]
[Site "Warsaw POL"]
[Date "2021.12.29"]
[Round "5.48"]
[White "Zabrzanska, Weronika"]
[Black "Nurgali, Nazerke"]
[Result "0-1"]
[BlackTitle "WIM"]
[WhiteElo "1923"]
[BlackElo "2260"]
[WhiteFideId "21825173"]
[BlackFideId "13711261"]
[EventDate "2021.12.29"]

1. e4 c6 2. d4 d5 3. e5 Bf5 4. Nd2 e6 5. Nb3 Ne7 6. Nf3 Nd7 7. Be2 Nc8 8. O-O
Be7 9. c3 O-O 10. Ne1 f6 11. f4 c5 12. Nd2 cxd4 13. cxd4 fxe5 14. fxe5 Qb6 15.
Ndf3 Bb4 16. Nd3 a5 17. Kh1 Na7 18. Bg5 Nc6 19. Nf4 Be7 20. Bxe7 Nxe7 21. Qe1
Ng6 22. Nh4 Nxf4 23. Rxf4 Be4 24. Rxf8+ Rxf8 25. Bg4 Rf7 26. Qd2 Nf8 27. Bf3
Bxf3 28. Nxf3 h6 29. Rc1 Rc7 30. h3 Ng6 31. a3 Ne7 32. Rf1 Nf5 33. Kh2 Rc4 34.
Rd1 a4 35. g4 Ne7 36. Nh4 Nc6 37. Rf1 Rxd4 38. Qf2 Nxe5 39. Qf8+ Kh7 40. Qf2 Nc4
41. Nf3 Re4 42. Qxb6 Nxb6 43. Kg3 Nc4 44. Rf2 Re3 45. Kg2 e5 46. Rc2 e4 47. Nd4
Rd3 48. Nf5 e3 49. Kf1 Rd2 50. Nxe3 Nxe3+ 51. Ke1 Rxc2 0-1

[Event "World Blitz Women 2021"]
[Site "Warsaw POL"]
[Date "2021.12.29"]
[Round "5.49"]
[White "Parol, Pola"]
[Black "Beydullayeva, Govhar"]
[Result "1-0"]
[WhiteTitle "WFM"]
[BlackTitle "WIM"]
[WhiteElo "2067"]
[BlackElo "2290"]
[WhiteFideId "1163116"]
[BlackFideId "13413015"]
[EventDate "2021.12.29"]

1. e4 c5 2. Nf3 d6 3. d4 cxd4 4. Nxd4 Nf6 5. Nc3 a6 6. Nb3 Nc6 7. Be3 b5 8. a4
b4 9. Nd5 Nd7 10. a5 e6 11. Nb6 Nxb6 12. Bxb6 Qd7 13. Be2 Bb7 14. O-O Be7 15. f4
Bd8 16. Be3 Bf6 17. Rb1 Qe7 18. Bf3 O-O 19. Qe2 Rac8 20. Rfd1 g6 21. Bb6 Bg7 22.
Kh1 Rfe8 23. Rd3 Nb8 24. Rbd1 Bxb2 25. Rxd6 Rc6 26. R6d3 Rcc8 27. Nc5 Bg7 28. e5
Bxf3 29. Qxf3 Rxc5 30. Bxc5 Qxc5 31. Rd8 Qb5 32. h3 Bf8 33. Qa8 Rxd8 34. Rxd8
Qf1+ 35. Kh2 Qxf4+ 36. Kg1 Qe3+ 37. Kh1 Qe1+ 38. Kh2 Qxe5+ 39. Kh1 Qe1+ 40. Kh2
Qe5+ 41. Kh1 Qa1+ 42. Kh2 Qe5+ 43. Kh1 Kg7 44. Qxb8 Qe1+ 45. Kh2 Bc5 46. Rg8+
Kh6 47. Qf4+ Kh5 48. Qg4+ Kh6 49. Qf4+ Kh5 50. g4+ Kh4 51. Qh6# 1-0

[Event "World Blitz Women 2021"]
[Site "Warsaw POL"]
[Date "2021.12.29"]
[Round "5.50"]
[White "Kubicka, Anna"]
[Black "Smirnova, Ekaterina"]
[Result "0-1"]
[WhiteTitle "WIM"]
[BlackTitle "WIM"]
[WhiteElo "2266"]
[BlackElo "2196"]
[WhiteFideId "1152254"]
[BlackFideId "4110943"]
[EventDate "2021.12.29"]

1. e4 e6 2. d4 d5 3. Nd2 c5 4. Ngf3 Nf6 5. exd5 Nxd5 6. Bb5+ Bd7 7. Bxd7+ Nxd7
8. O-O Be7 9. c4 N5f6 10. d5 exd5 11. cxd5 Nxd5 12. Ne4 N7b6 13. a4 a5 14. Qb3
c4 15. Qb5+ Qd7 16. Qxd7+ Nxd7 17. Rd1 N7b6 18. Bd2 O-O 19. Bc3 Bb4 20. Bd4 Rfd8
21. Ne5 Rac8 22. Nc3 f6 23. Nf3 Kf7 24. Nd2 Nxc3 25. bxc3 Bc5 26. Bxc5 Rxc5 27.
Ne4 Rxd1+ 28. Rxd1 Rc7 29. Nd6+ Ke6 30. Nb5 Rd7 31. Nd4+ Kf7 32. Ra1 Rd5 33. Kf1
h5 34. Rb1 Rd6 35. Rb5 Nxa4 36. Rxb7+ Kg6 37. Rc7 Nxc3 38. Rxc4 Nd5 39. Nf3 Ra6
40. Nh4+ Kh7 41. Nf5 a4 42. g4 hxg4 43. Rxg4 Ra7 44. Nd4 a3 45. Nb3 a2 46. Kg2
a1=Q 47. Nxa1 Rxa1 48. Rd4 Ra5 49. Kf3 Kg6 50. Ke4 Ne7 51. Rd7 Kf7 52. Kf3 Ra3+
53. Kg2 Ke6 54. Rb7 g5 55. h3 Nd5 56. Rh7 Nf4+ 57. Kh2 Rf3 58. Kg1 Rxh3 59. Ra7
Rb3 60. Ra6+ Kf5 61. Rc6 0-1

[Event "World Blitz Women 2021"]
[Site "Warsaw POL"]
[Date "2021.12.29"]
[Round "5.52"]
[White "Utiatskaja, Irina"]
[Black "Brambilla, Renee Blandy T."]
[Result "1-0"]
[WhiteTitle "WIM"]
[WhiteElo "2184"]
[BlackElo "1536"]
[WhiteFideId "24140848"]
[BlackFideId "2115085"]
[EventDate "2021.12.29"]

1. e4 c5 2. Nf3 Nc6 3. d4 cxd4 4. Nxd4 Nf6 5. Nc3 e5 6. Ndb5 d6 7. Bg5 a6 8. Na3
b5 9. Nd5 Be7 10. Bxf6 Bxf6 11. c4 b4 12. Nc2 a5 13. h4 Bb7 14. g3 Ne7 15. Nxf6+
gxf6 16. Bg2 Ng6 17. Ne3 Rc8 18. b3 Qb6 19. Nf5 Rd8 20. O-O O-O 21. Qh5 Bc8 22.
Qh6 Bxf5 23. exf5 Ne7 24. Qxf6 Qc7 25. h5 h6 26. Qxh6 Nxf5 27. Qg5+ Ng7 28. h6
f6 29. Bd5+ Kh7 1-0

[Event "World Blitz Women 2021"]
[Site "Warsaw POL"]
[Date "2021.12.29"]
[Round "6.51"]
[White "Heredia Serrano, Carla"]
[Black "Kubicka, Anna"]
[Result "0-1"]
[WhiteTitle "WGM"]
[BlackTitle "WIM"]
[WhiteElo "2121"]
[BlackElo "2266"]
[WhiteFideId "3603687"]
[BlackFideId "1152254"]
[EventDate "2021.12.29"]

1. e4 c5 2. Nf3 d6 3. Bb5+ Nd7 4. O-O a6 5. Bxd7+ Bxd7 6. c3 Nf6 7. Re1 Bc6 8.
d4 cxd4 9. cxd4 Bxe4 10. Bg5 Bg6 11. Nc3 e6 12. Bxf6 gxf6 13. d5 e5 14. Qb3 Rb8
15. a4 Be7 16. a5 O-O 17. Ra4 f5 18. Ne2 Kh8 19. Ng3 Qd7 20. h4 f4 21. Nf1 Qg4
22. g3 Rg8 23. N1h2 Qh3 24. g4 Bxh4 25. Kh1 Bxf2 26. Re2 Be3 27. Qc3 Rbc8 28.
Rc4 Be4 29. Rxe4 Rxc3 30. bxc3 0-1

[Event "World Blitz Women 2021"]
[Site "Warsaw POL"]
[Date "2021.12.29"]
[Round "6.52"]
[White "Brambilla, Renee Blandy T."]
[Black "Rudzinska, Michalina"]
[Result "0-1"]
[BlackTitle "WFM"]
[WhiteElo "1536"]
[BlackElo "2215"]
[WhiteFideId "2115085"]
[BlackFideId "1172883"]
[EventDate "2021.12.29"]

1. d4 Nf6 2. c4 e6 3. Nf3 c5 4. dxc5 Bxc5 5. Nc3 O-O 6. Bg5 Qb6 7. e3 Qxb2 8.
Bxf6 gxf6 9. Rc1 Bb4 10. Qc2 Qxc2 11. Rxc2 Nc6 12. Bd3 Ba5 13. Ke2 Nb4 14. Rcc1
Nxd3 15. Kxd3 b6 16. h4 Ba6 17. Ne4 d5 18. Nxf6+ Kg7 19. Nd7 Rfd8 20. Nde5 Rac8
21. Nd2 dxc4+ 22. Kc2 Rxd2+ 23. Kb1 c3 24. Nf3 Rxf2 25. Rhd1 c2+ 0-1

[Event "World Blitz Women 2021"]
[Site "Warsaw POL"]
[Date "2021.12.29"]
[Round "7.5"]
[White "Abdumalik, Zhansaya"]
[Black "Vantika, Agrawal"]
[Result "1-0"]
[WhiteTitle "GM"]
[BlackTitle "WGM"]
[WhiteElo "2491"]
[BlackElo "2381"]
[WhiteFideId "13703544"]
[BlackFideId "25050389"]
[EventDate "2021.12.29"]

1. e4 c5 2. Nf3 d6 3. Bb5+ Nd7 4. d4 cxd4 5. Nxd4 Nf6 6. O-O a6 7. Bd3 e6 8. Re1
Be7 9. Bf1 O-O 10. c4 Qc7 11. b3 b6 12. Bb2 Bb7 13. f3 Rfe8 14. Nc3 Rac8 15. Rc1
Qb8 16. Kh1 Bd8 17. Bd3 Bc7 18. Bb1 h6 19. Qc2 Qa8 20. f4 e5 21. fxe5 dxe5 22.
Nf5 Nc5 23. Nd5 Bxd5 24. exd5 Qb8 25. Rf1 Ncd7 26. Ba3 Kh8 27. d6 Bd8 28. Ne7
Bxe7 29. dxe7 g6 30. Rcd1 Kg7 31. Qf2 Qb7 32. Rxd7 Nxd7 33. Qxf7+ Kh8 34. Bxg6 1-0

[Event "World Blitz Women 2021"]
[Site "Warsaw POL"]
[Date "2021.12.29"]
[Round "7.25"]
[White "Maisuradze, Nino"]
[Black "Cyfka, Karina"]
[Result "0-1"]
[WhiteTitle "WGM"]
[BlackTitle "IM"]
[WhiteElo "2202"]
[BlackElo "2407"]
[WhiteFideId "13601717"]
[BlackFideId "1122681"]
[EventDate "2021.12.29"]

1. d4 Nf6 2. c4 e6 3. Nc3 Bb4 4. e3 O-O 5. Ne2 b6 6. a3 Be7 7. d5 Bb7 8. Ng3 a5
9. b3 Na6 10. Bb2 Re8 11. Be2 Bf8 12. O-O d6 13. Bd3 g6 14. Bc2 Bg7 15. Rb1 exd5
16. cxd5 Nc5 17. Re1 Ncd7 18. e4 h5 19. Nge2 Ne5 20. f3 Nfd7 21. Bc1 Qe7 22. Be3
Ba6 23. b4 axb4 24. axb4 Nc4 25. Bd4 Nde5 26. b5 Bc8 27. Bb3 Na5 28. Bf2 Bh6 29.
Nd4 Qf6 30. Nce2 Bd7 31. Nc6 Nb7 32. Ned4 Nc5 33. Bc2 Ra2 34. Ra1 Rxa1 35. Qxa1
Bd2 36. Rd1 Bh6 37. Qa7 Rc8 38. Bg3 h4 39. Bf2 h3 40. Qa2 hxg2 41. Kxg2 Qg5+ 42.
Bg3 Qf6 43. Rf1 Bf4 44. Bd1 Bxg3 45. hxg3 Ncd3 46. Qe2 Nc5 47. Rh1 Kg7 48. f4
Ned3 49. Kf1 Rh8 50. Rxh8 Kxh8 51. Qh2+ Kg7 52. Be2 Nc1 53. Ke1 Bxc6 54. bxc6
Qxd4 55. f5 Qc3+ 56. Kf1 Nxe4 57. f6+ Qxf6+ 58. Ke1 Nb3 59. g4 Qa1+ 60. Bd1 Qc3+
61. Kf1 Nbd2+ 62. Kg1 Qe3+ 63. Kh1 Qe1+ 64. Qg1 Qxd1 0-1

[Event "World Blitz Women 2021"]
[Site "Warsaw POL"]
[Date "2021.12.29"]
[Round "8.30"]
[White "Semenova, Elena1"]
[Black "Michna, Marta"]
[Result "0-1"]
[WhiteTitle "WIM"]
[BlackTitle "WGM"]
[WhiteElo "2278"]
[BlackElo "2314"]
[WhiteFideId "24125148"]
[BlackFideId "1106686"]
[EventDate "2021.12.29"]

1. e4 e6 2. d4 d5 3. Nc3 Bb4 4. Ne2 Nf6 5. e5 Nfd7 6. a3 Be7 7. f4 c5 8. Be3 Nc6
9. dxc5 Nxc5 10. Nd4 Bd7 11. Be2 a6 12. O-O Rc8 13. Nxc6 Bxc6 14. f5 exf5 15.
Rxf5 Ne6 16. Bd2 d4 17. Na2 Be4 18. Rf1 Bxc2 19. Qe1 Bg6 20. Nb4 d3 21. Bf3 a5
22. Nd5 b6 23. Rc1 Rxc1 24. Qxc1 O-O 25. Nxe7+ Qxe7 26. Qc6 Qc5+ 27. Qxc5 Nxc5
28. Re1 Re8 29. Kf2 h6 30. b4 Nb3 31. Bf4 d2 32. Rh1 Rd8 33. Bd1 Nc1 34. h4 axb4
35. axb4 Nd3+ 36. Ke3 Nxb4 37. h5 Bf5 38. g4 Be6 39. Rh2 Nd5+ 40. Ke4 Nc3+ 41.
Ke3 Nxd1+ 0-1

[Event "World Blitz Women 2021"]
[Site "Warsaw POL"]
[Date "2021.12.29"]
[Round "9.34"]
[White "Badelka, Olga"]
[Black "Semenova, Elena1"]
[Result "1-0"]
[WhiteTitle "IM"]
[BlackTitle "WIM"]
[WhiteElo "2453"]
[BlackElo "2278"]
[WhiteFideId "13509926"]
[BlackFideId "24125148"]
[EventDate "2021.12.29"]

1. d4 Nf6 2. c4 e6 3. Nc3 Bb4 4. e3 c6 5. Ne2 d5 6. a3 Ba5 7. b4 Bc7 8. Ng3 O-O
9. Bb2 Nbd7 10. cxd5 cxd5 11. Bd3 Bd6 12. O-O a6 13. e4 dxe4 14. Ngxe4 Nxe4 15.
Nxe4 Be7 16. Nc5 Nf6 17. Qf3 Qd5 18. Qxd5 Nxd5 19. Rfc1 b6 20. Na4 Bd7 21. Nc3
Nxc3 22. Rxc3 b5 23. Rc7 Rfd8 24. Be4 Rab8 25. Rac1 Bd6 26. Ra7 Bc8 27. g3 Kf8
28. d5 e5 29. Rc6 f6 30. Rc1 f5 31. Bf3 Bb7 32. Re1 e4 33. Bg2 Bxd5 34. Rxg7 Bf7
35. Rxh7 Ke7 36. Rh6 Rbc8 37. Bf6+ Kd7 38. Bxd8 Rxd8 39. Rd1 Ke7 40. Bh3 Be6 41.
Rh7+ Kf6 42. Ra7 Bb3 43. Rd2 Ke5 44. Rxa6 Rd7 45. Bxf5 Kxf5 46. Rdxd6 Rc7 47. h3
Rc1+ 48. Kh2 Bd1 49. g4+ Ke5 50. Re6+ Kd4 51. Rad6+ Kc3 52. Rxe4 1-0

[Event "World Blitz Women 2021"]
[Site "Warsaw POL"]
[Date "2021.12.29"]
[Round "9.40"]
[White "Kubicka, Anna"]
[Black "Gil Quilez, Sonia"]
[Result "1-0"]
[WhiteTitle "WIM"]
[BlackTitle "WFM"]
[WhiteElo "2266"]
[BlackElo "2122"]
[WhiteFideId "1152254"]
[BlackFideId "2263980"]
[EventDate "2021.12.29"]

1. e4 c6 2. d4 d5 3. e5 c5 4. dxc5 Nc6 5. Nf3 Bg4 6. Bb5 e6 7. Be3 Qc7 8. O-O
Ne7 9. c3 a6 10. Bxc6+ Nxc6 11. Bd4 a5 12. Nbd2 Be7 13. h3 Bh5 14. Re1 O-O 15.
Nf1 a4 16. g4 Bg6 17. Ng3 h6 18. h4 Na5 19. g5 Bxc5 20. gxh6 gxh6 21. h5 Bh7 22.
Qd2 Kg7 23. Qf4 Nc4 24. Qf6+ Kg8 25. Qxh6 Be7 26. Ng5 Kh8 27. Qxh7# 1-0

[Event "World Blitz Women 2021"]
[Site "Warsaw POL"]
[Date "2021.12.29"]
[Round "9.47"]
[White "Smietanska, Wiktoria"]
[Black "Malicka, Maria"]
[Result "1/2-1/2"]
[WhiteTitle "CM"]
[BlackTitle "FM"]
[WhiteElo "1910"]
[BlackElo "2307"]
[WhiteFideId "21869359"]
[BlackFideId "1197576"]
[EventDate "2021.12.29"]

1. c4 Nf6 2. Nc3 c5 3. Nf3 d5 4. cxd5 Nxd5 5. d4 Nxc3 6. bxc3 e6 7. e3 Be7 8.
Bd3 O-O 9. O-O Nc6 10. Rb1 b6 11. Bc2 Ba6 12. Re1 Rc8 13. Bd3 Bxd3 14. Qxd3 Qc7
15. Rd1 Rfd8 16. Qb5 e5 17. d5 e4 18. Ne1 Ne5 19. c4 Bd6 20. Bb2 Ng4 21. h3 Ne5
22. Qb3 Qe7 23. Qc3 Qg5 24. Kf1 f6 25. a4 Ng6 26. a5 Be5 27. Qd2 Rb8 28. Bxe5
Qxe5 29. Kg1 Qd6 30. axb6 axb6 31. Rb5 Ne5 32. Qc2 f5 33. Rdb1 Rb7 34. Qa4 g5
35. Qa6 Rdb8 36. Qa4 h5 37. Qc2 Ra7 38. Qb3 Rab7 39. Qc2 Ra7 40. Qb3 Ra6 41. Qc3
Ra4 42. Qb3 Ra6 43. Qc2 g4 44. h4 Ng6 45. g3 Ne5 46. Kg2 Nf3 47. Kf1 Nh2+ 48.
Kg2 Nf3 49. Kf1 Nh2+ 50. Kg2 Nf3 51. Kf1 1/2-1/2

[Event "World Blitz Women 2021"]
[Site "Warsaw POL"]
[Date "2021.12.30"]
[Round "10.36"]
[White "Maisuradze, Nino"]
[Black "Jarocka, Liwia"]
[Result "0-1"]
[WhiteTitle "WGM"]
[BlackTitle "FM"]
[WhiteElo "2202"]
[BlackElo "2006"]
[WhiteFideId "13601717"]
[BlackFideId "21807558"]
[EventDate "2021.12.29"]

1. d4 Nf6 2. c4 e6 3. Nc3 Bb4 4. e3 O-O 5. Bd3 d5 6. Ne2 c5 7. a3 Bxc3+ 8. bxc3
dxc4 9. Bxc4 Qc7 10. Bd3 b6 11. Qa4 Bb7 12. O-O e5 13. Bb2 Nbd7 14. Rac1 Rfd8
15. Rfd1 a6 16. Ng3 b5 17. Qc2 Re8 18. a4 Qc6 19. Ne4 Nxe4 20. f3 Nef6 21. axb5
axb5 22. c4 cxd4 23. cxb5 Qxc2 24. Rxc2 dxe3 25. Rc7 Rab8 26. Bf5 Nb6 27. Re1
Nbd5 28. Rc5 g6 29. Bc2 Nb4 30. Bb1 Nfd5 31. Ba3 Ra8 32. Bb2 Bc8 33. Be4 Be6 34.
b6 f5 35. Bb1 Nxb6 36. Rxe3 Bf7 37. Rexe5 Rxe5 38. Bxe5 Re8 39. Rb5 N4d5 40. f4
Nd7 41. Bd4 Re1+ 42. Kf2 Re8 43. Ba2 Nxf4 44. Bxf7+ Kxf7 45. Rb7 Re7 46. Bb2
Nd3+ 47. Kf3 Nxb2 48. Rxb2 Kg7 49. Kf4 Nf6 50. h3 h5 51. h4 Re4+ 52. Kg3 Rg4+
53. Kh3 Rc4 54. g3 Ne4 55. Kg2 Rc3 56. Rb7+ 0-1

[Event "World Blitz Women 2021"]
[Site "Warsaw POL"]
[Date "2021.12.30"]
[Round "11.47"]
[White "Jakubowska, Anna"]
[Black "Budkiewicz, Magdalena"]
[Result "1/2-1/2"]
[WhiteTitle "WIM"]
[WhiteElo "2106"]
[BlackElo "1929"]
[WhiteFideId "1121952"]
[BlackFideId "1194917"]
[EventDate "2021.12.29"]

1. e4 c5 2. Nc3 d6 3. g3 Nf6 4. Bg2 e6 5. d3 Be7 6. f4 Nc6 7. Nf3 O-O 8. O-O Rb8
9. d4 cxd4 10. Nxd4 Bd7 11. Be3 a6 12. g4 Nxd4 13. Bxd4 Bc6 14. g5 Nd7 15. a4
Nc5 16. Qe2 Qd7 17. b3 Qc7 18. b4 Nd7 19. b5 e5 20. fxe5 dxe5 21. Be3 Bxb5 22.
axb5 Qxc3 23. bxa6 bxa6 24. Rxa6 Rb2 25. Ra7 Rxc2 26. Qe1 Qxe3+ 27. Qxe3 Bc5 28.
Qxc5 Nxc5 29. Rc7 Rc3 30. Ra7 Nd3 31. Rf3 Rc1+ 32. Bf1 Nf4 33. Re7 Ng6 34. Ra7
Re1 35. Ra4 Rc8 36. Ra7 Rf8 37. Ra4 h6 38. gxh6 gxh6 39. Kf2 Rb1 40. Bc4 Rb2+
41. Kg3 Nf4 42. Ra5 Re8 43. Ra7 Rf8 44. Ra5 Re8 45. Ra7 Rf8 46. Ra5 1/2-1/2

[Event "World Blitz Women 2021"]
[Site "Warsaw POL"]
[Date "2021.12.30"]
[Round "12.9"]
[White "Balajayeva, Khanim"]
[Black "Kosteniuk, Alexandra"]
[Result "0-1"]
[WhiteTitle "WGM"]
[BlackTitle "GM"]
[WhiteElo "2376"]
[BlackElo "2516"]
[WhiteFideId "13406396"]
[BlackFideId "4128125"]
[EventDate "2021.12.29"]

1. e4 c6 2. d4 d5 3. exd5 cxd5 4. c4 Nf6 5. Nc3 Nc6 6. Bg5 Be6 7. Be2 h6 8. Bxf6
exf6 9. Bf3 Bb4 10. Ne2 O-O 11. O-O Ne7 12. Nf4 Bxc3 13. bxc3 Qd6 14. Nxd5 Nxd5
15. cxd5 Bxd5 16. Bxd5 Qxd5 17. Qb3 Qd7 18. Rfe1 Rac8 19. Re3 Rfe8 20. Rxe8+
Rxe8 21. Qc2 f5 22. h3 Re4 23. Rb1 b6 24. a4 Qc6 25. Qb3 f4 26. d5 Qg6 27. Qd1
Qd6 28. f3 Rc4 29. Qd2 Rxa4 30. Re1 g6 31. Kh2 Rc4 32. Qd3 Rc8 33. c4 a5 34. Rb1
a4 35. Qd4 Rb8 36. Ra1 a3 37. Qc3 Ra8 38. Ra2 Qe7 39. Qb3 Qc5 40. Rd2 Re8 41.
Qb5 Qxb5 42. cxb5 Ra8 43. Ra2 Kf8 44. Kg1 Ke7 45. Kf2 Kd6 46. Ke2 Kxd5 47. Kd3
Kc5 48. Kc3 Kxb5 49. Kb3 g5 50. Ra1 a2 51. Kb2 Kb4 52. Kc2 b5 53. Kb2 Re8 54.
Rd1 Re2+ 55. Ka1 Ka3 56. Rd3+ Ka4 57. Rd1 b4 58. g4 fxg3 59. f4 b3 60. fxg5 Ka3 0-1

[Event "World Blitz Women 2021"]
[Site "Warsaw POL"]
[Date "2021.12.30"]
[Round "12.34"]
[White "Pavlidou, Ekaterini"]
[Black "Loskutova, Viktoriya"]
[Result "1-0"]
[WhiteTitle "WIM"]
[BlackTitle "WFM"]
[WhiteElo "2203"]
[BlackElo "2100"]
[WhiteFideId "4213262"]
[BlackFideId "34166278"]
[EventDate "2021.12.29"]

1. d4 Nf6 2. c4 e6 3. Nc3 Bb4 4. e3 O-O 5. Ne2 d5 6. a3 Be7 7. cxd5 exd5 8. Nf4
c6 9. Bd3 a5 10. O-O Re8 11. f3 Bd6 12. b3 Na6 13. Ra2 Nc7 14. g4 h6 15. Bb1 c5
16. Rg2 cxd4 17. exd4 Bxf4 18. Bxf4 Ne6 19. Be5 Nd7 20. Qd3 Nef8 21. Bd6 Qb6 22.
Bxf8 Nxf8 23. Nxd5 Qd6 24. Nc3 Qxa3 25. Ne4 Qb4 26. d5 b6 27. Qc4 Qxc4 28. bxc4
Ba6 29. Ba2 Rac8 30. Nd6 Rcd8 31. Nxe8 Rxe8 32. Rb2 Rb8 33. Rfb1 Nd7 34. c5 Bd3
35. Rc1 Rc8 36. c6 Nc5 37. Rxb6 Na4 38. Rb7 Ba6 39. Ra7 Be2 40. d6 Bxf3 41. Rxf7 1-0

[Event "World Blitz Women 2021"]
[Site "Warsaw POL"]
[Date "2021.12.30"]
[Round "12.41"]
[White "Maisuradze, Nino"]
[Black "Kubicka, Anna"]
[Result "1-0"]
[WhiteTitle "WGM"]
[BlackTitle "WIM"]
[WhiteElo "2202"]
[BlackElo "2266"]
[WhiteFideId "13601717"]
[BlackFideId "1152254"]
[EventDate "2021.12.29"]

1. b3 e5 2. Bb2 Nc6 3. c4 f5 4. Nc3 Nf6 5. e3 d6 6. d4 g6 7. d5 Ne7 8. Bd3 Bg7
9. Bc2 O-O 10. Nge2 a6 11. Qd2 Qe8 12. O-O g5 13. f4 gxf4 14. exf4 e4 15. Nd4
Qg6 16. b4 Nh5 17. Rae1 Qh6 18. Nce2 Ng6 19. Bb3 Bd7 20. c5 Rae8 21. Ne6 Bxb2
22. Qxb2 Bxe6 23. dxe6 Re7 24. cxd6 cxd6 25. Qd2 Rd8 26. g3 Nf6 27. Nd4 Qh5 28.
Kg2 Kh8 29. Bd1 Ng4 30. h3 Rg8 31. hxg4 fxg4 32. Rh1 Qd5 33. Bb3 e3+ 34. Bxd5
exd2 35. Rd1 Rc8 36. Rxd2 Rc3 37. Nf5 Rec7 38. Nxd6 Rc2 39. Rd1 b5 40. Be4 Rxd2+
41. Rxd2 Ne7 42. f5 Ng8 43. Rc2 Re7 44. Rc8 Kg7 45. Ne8+ Kh6 46. f6 Rxe6 47. f7 1-0

[Event "World Blitz Women 2021"]
[Site "Warsaw POL"]
[Date "2021.12.30"]
[Round "12.46"]
[White "Parol, Pola"]
[Black "Movsesian, Julia"]
[Result "1-0"]
[WhiteTitle "WFM"]
[BlackTitle "WGM"]
[WhiteElo "2067"]
[BlackElo "2300"]
[WhiteFideId "1163116"]
[BlackFideId "4139690"]
[EventDate "2021.12.29"]

1. e4 d6 2. d4 Nf6 3. Nc3 Nbd7 4. Nf3 e5 5. Bc4 Be7 6. O-O O-O 7. Re1 c6 8. a4
h6 9. h3 Re8 10. Bb3 Qc7 11. Be3 Bf8 12. dxe5 dxe5 13. Qe2 Nc5 14. Nd2 Nxb3 15.
Nxb3 g6 16. Qf3 Nh7 17. Rad1 Bg7 18. Qg3 b6 19. Qh4 g5 20. Qg3 Nf6 21. h4 Nh5
22. Qf3 Nf4 23. hxg5 hxg5 24. Bxf4 exf4 25. Qh5 Qe5 26. Rd3 g4 27. Qxe5 Bxe5 28.
Nd4 Ba6 29. Rdd1 Kg7 30. Nxc6 Bxc3 31. bxc3 Rac8 32. Nb4 Bb7 33. Rd7 Bxe4 34.
Rxa7 Rxc3 35. a5 bxa5 36. Rxa5 Kg6 37. Nd3 Rxc2 38. Nxf4+ Kg7 39. Rg5+ Kf8 40.
Rxg4 f5 41. Rg5 Rec8 42. g4 Kf7 43. gxf5 Kf6 44. Rg3 Kxf5 45. Rge3 R8c4 46. Ne2
Bc6 47. Ng3+ Kg4 48. Re7 Rc1 49. Re3 Kg5 50. Kh2 Rh4+ 51. Kg1 Rhc4 52. Kh2 Rxe1
53. Rxe1 Rh4+ 54. Kg1 Kf4 55. Rc1 Bd5 56. Ra1 Rh7 57. Ra4+ Ke5 58. Ra5 Kd6 59.
Ra6+ Ke5 60. Ra5 Kd6 61. Ra1 Ke5 62. Ra5 Kd6 63. f4 Rh3 64. Kf2 Rh2+ 65. Ke3 Rg2
66. Nf5+ Kc6 67. Nd4+ Kd6 68. Ra6+ Kc5 69. Ra5+ Kc4 70. Nf5 Rb2 71. Ra4+ Kc5 72.
Ra5+ Kc4 73. Ra4+ Kc5 74. Ra7 Rb3+ 75. Kd2 Be4 76. Ne7 Kd4 77. Ra4+ Kc5 78. Rxe4
Kd6 79. Nf5+ Kd5 80. Re8 Rf3 81. Ne3+ Kd4 82. f5 Rf2+ 83. Ke1 Ra2 84. f6 Ra1+
85. Kf2 Ra2+ 86. Kf1 Ra1+ 87. Kg2 Ra2+ 88. Kg1 Ra7 89. Re7 Ra8 90. Nf5+ Kd5 91.
f7 Rf8 92. Nh6 1-0

[Event "World Blitz Women 2021"]
[Site "Warsaw POL"]
[Date "2021.12.30"]
[Round "12.49"]
[White "Zabrzanska, Weronika"]
[Black "Heredia Serrano, Carla"]
[Result "1-0"]
[BlackTitle "WGM"]
[WhiteElo "1923"]
[BlackElo "2121"]
[WhiteFideId "21825173"]
[BlackFideId "3603687"]
[EventDate "2021.12.29"]

1. e4 c6 2. d4 d5 3. e5 c5 4. dxc5 e6 5. Nf3 Bxc5 6. a3 Ne7 7. b4 Bb6 8. Bb2 a5
9. Bd3 axb4 10. axb4 Rxa1 11. Bxa1 Nd7 12. O-O Ng6 13. Nbd2 Nf4 14. Nb3 O-O 15.
c4 Nxd3 16. Qxd3 dxc4 17. Qxc4 Qe7 18. Rc1 h6 19. Nbd4 Nb8 20. Nb5 Bd7 21. Nd6
Bc6 22. Rc3 Bd5 23. Qb5 Bc7 24. Nxb7 Nc6 25. Rxc6 Bxc6 26. Qxc6 Ra8 27. Bc3 Bd8
28. h3 Ra2 29. Nd4 Qh4 30. Be1 Ra1 31. Qc3 Rb1 32. Ne2 Qe4 33. Kf1 Kh7 34. Nxd8
Rd1 35. Nxf7 Rd3 36. Qc2 Qd5 37. Nd6 1-0

[Event "World Blitz Women 2021"]
[Site "Warsaw POL"]
[Date "2021.12.30"]
[Round "13.31"]
[White "Semenova, Elena1"]
[Black "Strutinskaia, Galina"]
[Result "1-0"]
[WhiteTitle "WIM"]
[BlackTitle "WGM"]
[WhiteElo "2278"]
[BlackElo "2142"]
[WhiteFideId "24125148"]
[BlackFideId "4108558"]
[EventDate "2021.12.29"]

1. e4 c5 2. Nf3 e6 3. c3 d5 4. exd5 exd5 5. d4 Nc6 6. Bb5 Bd6 7. O-O Ne7 8. dxc5
Bxc5 9. Nbd2 O-O 10. h3 Bf5 11. Nb3 Bd6 12. Nbd4 Bg6 13. Bd3 a6 14. Re1 Rc8 15.
Bg5 Nxd4 16. Nxd4 Rc7 17. Qf3 Re8 18. Re2 Qd7 19. Rae1 Bxd3 20. Qxd3 Rcc8 21.
Bxe7 Rxe7 22. Rxe7 Bxe7 23. Qf5 Qxf5 24. Nxf5 Bf8 25. Rd1 Rc5 26. Ne3 Ra5 27. a3
Rb5 28. b4 a5 29. Nxd5 axb4 30. axb4 b6 31. c4 Rxb4 32. Nxb4 Bxb4 33. Rd8+ 1-0